| 000 | 00494nam a2200193 a 4500 | ||
|---|---|---|---|
| 001 | 1776330595183 | ||
| 003 | YourLibrary | ||
| 005 | 20260416144342.0 | ||
| 008 | 260416s1998##################000#0#eng## | ||
| 020 | _a9780415178150 | ||
| 082 | 0 | 4 |
_a347.0947 _bSCH |
| 100 | 1 |
_aSchlesinger, Rudolf, _eauthor. |
|
| 245 | 1 | 0 | _aSoviet Legal Theory : |
| 260 |
_bTaylor & Francis US, _c1998. |
||
| 300 | _a330 pages | ||
| 650 | 0 | _aLaw. | |
| 942 | _cENGLISH | ||
| 040 |
_aYourLibrary _beng _cYourLibrary |
||
| 999 |
_c619352 _d619352 |
||